logo

Bir Sreshtho Munshi Abdur Rouf Library
Jhenaidah Cadet College

Farm mechanics text and handbook / (Record no. 9990)

MARC details
000 -LEADER
fixed length control field 00752cam a22002531 4500
001 - CONTROL NUMBER
JCCL Control Number 9990
003 - CONTROL NUMBER IDENTIFIER
JCCL marc code BD-JhCC
005 - DATE AND TIME OF LATEST TRANSACTION
control field 20180404170412.0
008 - FIXED-LENGTH DATA ELEMENTS--GENERAL INFORMATION
fixed length control field 180404s1951 xx 000 0 eng c
035 ## - SYSTEM CONTROL NUMBER
system control number (OCoLC)2979611
-- (BD-JhCC)9990
040 ## - CATALOGING SOURCE
Original cataloging agency U. S. Dept. of Agr. Libr.
Transcribing agency ODa
Modifying agency DLC
-- BD-JhCC
041 ## - LANGUAGE CODE
Language code of Book eng
050 00 - LIBRARY OF CONGRESS CALL NUMBER
Classification number S676
Item number .C75 1951
082 ## - DEWEY DECIMAL CLASSIFICATION NUMBER
Classification number 631.3
Author mark and Year COO 1951
100 1# - MAIN ENTRY--PERSONAL NAME
Personal name Cook, Glen Charles.
245 00 - TITLE STATEMENT
Title Farm mechanics text and handbook /
Statement of responsibility, etc by G. C. Cook, L. L. Scranton and H. F. McColly.
250 ## - EDITION STATEMENT
Edition statement [Rev. ed.]
260 ## - PUBLICATION, DISTRIBUTION, ETC. (IMPRINT)
Place of publication, distribution, etc Danville, Ill :
Name of publisher, distributor, etc The Interstate,
Date of publication, distribution, etc 1951.
300 ## - PHYSICAL DESCRIPTION
Pagination 708 p.
Other physical details illus.
Dimensions 24 cm.
504 ## - BIBLIOGRAPHY, ETC. NOTE
Bibliography, etc Includes bibliographies.
650 #0 - SUBJECT ADDED ENTRY--TOPICAL TERM
Topical term or geographic name as entry element Agricultural engineering.
942 ## - ADDED ENTRY ELEMENTS (KOHA)
Source of classification or shelving scheme Dewey Decimal Classification
Koha item type Reference
Holdings
Source of classification or shelving scheme Damaged status Not for loan Home library Current library Shelving location Date of accession Total Checkouts Full call number Barcode Date last seen Copy number Koha item type
Dewey Decimal Classification     JCC Rouf Library JCC Rouf Library General Stacks 04/04/2018   631.3 COO 1951 11168 04/04/2018 C-1 Reference

JCC Library | Contacts | JCC Home

Last Update on 23 September 2017
Copyright @ 2017-2020 JCC Rouf Library
Rouf Library, Jhenidah Cadet College (JCC), Bangladesh